MARC

LEADER 00000nab#a22000007a#4500
001 arbauad010104
003 AR-BaUAD
005 20250711111107.0
008 950411|||||||||###||||||b###|0###a|spa||
040 |a AR-BaUAD  |c AR-BaUAD  |b spa 
100 |a Cremascoli, Olivia 
245 |a Occhio al design! /  |c Olivia Cremascoli;  
300 0 |b fot. 
500 |a Colecciones de anteojos. 
653 |a DISEÑO INDUSTRIAL 
653 |a ACCESORIOS 
653 |a ANTEOJOS 
653 |a CUTLER-GROSS 
653 |a SILHOUETTE 
653 |a PECORA, TERRI 
653 |a THUN, MATTEO 
653 |a FUCHS, GERHART 
653 |a SAFILO 
653 |a MISSONI 
653 |a POLO RALPH LAUREN 
653 |a TITANIUM 
653 |a GIANFRANCO FERRE 
653 |a APRILIA 
653 |a JEAN PAUL GAULTIER 
653 |a TRUSSARDI 
653 |a RED ROSE 
653 |a OSTI, MASSIMO 
653 |a LES COPAINS 
653 |a ALLISON 
653 |a ROMEO GIGLI 
653 |a LUXOTTICA GROUP 
653 |a GIORGIO ARMANI 
653 |a BYBLOS 
653 |a BROOKS BROTHERS 
653 |a EYEOTA 
653 |a SWATCH 
653 |a MARCOLIN 
653 |a CALVIN KLEIN 
653 |a MIKLI, ALAIN 
653 |a JEAN CARTIER 
653 |a DISSING, HANS 
653 |a WEITLING, OTTO 
653 |a CEREDA, SERGIO 
653 |a RAGAZZINI, GIORGIO 
653 |a PERLINEA 
653 |a PERRIS, ANNE MARIE 
653 |a MARENCO, MARIO 
653 |a ONALI, FRANCO 
653 |a INDUMENTARIA FEMENINA 
653 |a INDUMENTARIA MASCULINA 
653 |a DISEÑO DE INDUMENTARIA 
773 0 |t INTERNI  |g no. 440 [mayo 1994], p. 130-139 
942 |c ARTI 
952 |0 0  |1 0  |4 0  |7 0  |9 55024  |a AR-BAuAD  |b AR-BAuAD  |d 2025-07-11  |l 0  |p AAQA010104  |r 2025-07-11 11:11:07  |w 2025-07-11  |y ARTI 
990 |a DT199  |b TD 
990 |a DI199  |b TD 
998 |a AAQ  |b BIBUN76 
999 |c 34697  |d 34697